Intramarginal interventions, bands and the pattern of EMS exchange rate distributions

Saved in:
Bibliographic Details
Main Author: Beetsma, Roel M.W.J
Other Authors: Ploeg, Frederick van der
Format: Book
Language:English
Published: Praha CERGE 1993
Series:Working paper series Working paper no. 30
Subjects:
Tags: Add Tag
No Tags, Be the first to tag this record!

MARC

LEADER 00000nam a2200000 4500
001 c101191
005 20221123112505.8
041 0 |a eng 
044 |a CZ 
245 1 0 |a Intramarginal interventions, bands and the pattern of EMS exchange rate distributions  |c Roel M.W.J. Beetsma, Frederick van der Ploeg 
264 1 |a Praha  |b CERGE  |c 1993 
300 |a 15 s. 
490 1 |a Working paper series  |v Working paper no. 30 
830 0 |a Working paper series  |v Working paper no. 30 
610 2 0 |a kurz devízový 
610 2 0 |a intervencie 
610 2 0 |a distribúcia 
610 2 0 |a modely 
610 2 0 |a mzdy 
610 2 0 |a mena 
610 2 0 |a metóda Monte Carlo 
610 2 0 |a politika peňažná 
610 2 0 |a systém menový medzinárodný 
610 2 0 |a peniaze 
100 1 |a Beetsma, Roel M.W.J. 
700 1 |a Ploeg, Frederick van der